Pays avec des fossiles de dinosaures - Statistiques

Statistiques générales
  • Ce quiz a été pris 231 fois
    222 depuis la dernière actualisation
  • Le résultat moyen est 37 sur 64
Statistiques - réponses
Pays % Correct
France
99%
États Unis
96%
Chine
93%
Canada
92%
Russie
90%
Allemagne
89%
Argentine
89%
Brésil
88%
Espagne
88%
Mexique
88%
Australie
84%
Maroc
84%
Japon
82%
Algérie
81%
Egypte
80%
Portugal
80%
Italie
78%
Chili
76%
Inde
76%
Afrique du Sud
74%
Mongolie
70%
Belgique
67%
Royaume-Uni
67%
Suisse
66%
Colombie
63%
Nouvelle-Zélande
61%
Autriche
60%
Indonésie
60%
Tunisie
59%
Corée
58%
Turquie
57%
Ukraine
57%
Iran
55%
Pays-Bas
54%
Niger
53%
Pakistan
53%
Danemark
51%
Kazakhstan
51%
Uruguay
50%
Bolivie
49%
Vietnam
49%
Nigeria
48%
Roumanie
48%
Madagascar
46%
Thaïlande
46%
Tchad
45%
Ethiopie
44%
Tanzanie
44%
Kenya
42%
Hongrie
41%
Ouzbékistan
41%
Bulgarie
39%
Namibie
37%
Zimbabwe
34%
Israël
31%
Géorgie
30%
Botswana
28%
Republiqué Tchèque
24%
Chypre
19%
El Salvador
19%
Érythrée
18%
Malawi
17%
Emirats Arabes Unis
12%
Antarctica
1%
Aucun quiz correspondant
Distribution des résultats
% des personnes avec chaque résultat
Percentile par nombre de réponses
Votre historique - résultats
Vous n’avez pas pris ce quiz depuis la dernière actualisation